Guess the Brand By the Logo - Statistics

General Stats
  • This quiz has been taken 305 times
  • The average score is 15 of 16
Answer Stats
Picture Answer % Correct
Popeyes
98%
McDonald's
97%
Apple
96%
Burger King
96%
Samsung
96%
Starbucks
96%
Google
95%
Amazon
94%
Wendy's
94%
Yahoo
94%
PayPal
93%
Sunoco
93%
Shell
92%
Android
90%
Microsoft
90%
Toyota
89%
No matching quizzes found
Score Distribution
Percent of People with Each Score
Percentile by Number Answered
Your Score History
You have not taken this quiz